| 000 | 00596nam a2200181Ia 4500 | ||
|---|---|---|---|
| 008 | 190805s9999||||xx |||||||||||||| ||und|| | ||
| 020 |
_a9788122436235 _cRs. 275.00 |
||
| 082 | 0 | 4 |
_a001.42 _bK8486 |
| 100 | 1 | _aKothari, C. R. | |
| 245 | 1 | 0 |
_aResearch Methodology: methods and techniques / _cC. R. Kothari and Gaurav Garg |
| 250 | _a3rd ed. | ||
| 260 |
_aNew Delhi : _bNew Age International Publishers, _c2014, reprinted 2017 |
||
| 300 |
_axx, 449 p. _b : col. ill. _c; 24 cm. |
||
| 650 | 0 |
_aResearch _xMethodology _vTextbooks |
|
| 700 | 1 | _aGarg, Gaurav | |
| 942 | _cBK | ||
| 999 |
_c187 _d187 |
||